000
00212 a2200109 4500
001
50775
040
_c
Anchieta - Pituba
240
1
0
_a
Senhora
_l
245
1
0
_a
Senhora
650
4
_a
Ficção brasileira
942
_c
MU
999
_c
50775
_d
50775